| 000 | 00398nam a2200157Ia 4500 | ||
|---|---|---|---|
| 008 | 230312s9999||||xx |||||||||||||| ||und|| | ||
| 020 | _a81-8431-126-5 | ||
| 082 |
_a004.16 _bGOD-M |
||
| 100 | _aGodse,A.P | ||
| 245 | 0 | _aMicroprocessors | |
| 260 |
_bTechnical Publication Pune _aIndia _c2007 |
||
| 300 | _aF-8 | ||
| 546 | _aEng. | ||
| 650 |
_aEngineering _vEvolution Of Microprocessors |
||
| 942 | _cBK | ||
| 999 |
_c8303 _d8303 |
||